Mort subite : les licences importées dans Dead by Daylight - Statistiques

Statistiques générales
  • Ce quiz a été pris 207 fois
    58 depuis la dernière actualisation
  • Le résultat moyen est 15 sur 25
Answers on the Grid
Answers color-coded by a green-red scale on the quiz's grid according to % correct below.
Saw
BioShock
Massacre à la Tronçonneuse
Slipknot
Vendredi 13
Mortal Kombat
Donjons & Dragons
Castlevania
Warhammer
Hellraiser
La Momie
La Famille Addams
Ça
Scream / Fun World
Halloween
Buffy contre les Vampires
Ghostbusters
Evil Dead
Predator
Megadeth
Silent Hill
Dark Souls
Tokyo Ghoul
Alan Wake
Left Behind
Les Griffes de la Nuit
L'Attaque des Titants
Death Note
Diablo
Iron Maiden
Nightwish
Stranger Things
CryptTV
The VVitch
Resident Evil
Jurassic Park
System Shock
Candyman
My Little Pony
Alien
Chucky
The Walking Dead
Rainbow Six
Star Wars
Terrifier
Junji Ito
Tomb Raider
Black Sabbath
 
Statistiques - réponses
Réponse % Correct
Tueur : le Cochon ; survivant : Inspecteur Tapp Saw
100%
tueur : Bubba Sawyer Massacre à la Tronçonneuse
84%
tueur : Dracula ; survivant : Trevor Belmont (et ses skins) Castlevania
74%
tueur : la Liche ; survivants : Aestri Yazar et Baermar Uraz Donjons & Dragons
74%
tueur : Michael Myers ; survivante : Laurie Strode Halloween
71%
tueur : Ghostface Scream / Fun World
71%
tueur : Pyramid Head ; survivante : Cheryl Mason (et ses skins) Silent Hill
71%
survivant : Alan Wake (et ses skins) Alan Wake
68%
tueurs : le Cénobite et le Bavard Hellraiser
68%
divers skins pour les tueurs (skins de Titans pour l'Oni et l'Esprit) et les survivants (Eren Jäger pour Dwight, Hange Zoë pour Zarina, Levi Ackerman pour Jake, Kenny Ackerman pour Ace, Mikasa Ackerman pour Yui, Annie Leonhart pour Meg, Armin Arlert pour Felix et Historia Reiss pour Kate) L'Attaque des Titants
68%
tueur : Ken Kaneki Tokyo Ghoul
68%
tueurs : Chucky et la Fiancée de Chucky Chucky
65%
tueur : Freddy Krueger Les Griffes de la Nuit
65%
tueur : le Démogorgon ; survivants : Nancy Wheeler, Steve Harrington et Jonathan Byers Stranger Things
65%
tueur : le Xénomorphe ; survivante : Ellen Ripley (et leurs skins) Alien
61%
survivant : Ash Williams Evil Dead
61%
tueurs : le Némésis et le Mastermind ; survivants : Jill Valentine, Leon Kennedy, Ada Wong et Rebecca Chambers (et leurs skins) Resident Evil
61%
survivants : Rick Grimes et Michonne Grimes The Walking Dead
58%
survivante : Lara Croft Tomb Raider
58%
divers skins pour les tueurs (le Docteur, le Dragage, le Lance-Mort et l'Oni) Iron Maiden
45%
divers skins pour les tueurs et les survivants Junji Ito
32%
survivant : Bill Overbeck Left Behind
29%
divers skins pour les survivants (Tubarão pour Renato, Wamai pour Adam et Blitz pour Felix) Rainbow Six
29%
divers skins pour les tueurs (le Clown, le Docteur, le Fléau, le Lance-Mort, la Légion, le Montagnard, le Piégeur et le Spectre) Slipknot
26%
tueurs : la Sorcière des Bois (skin pour la Harpie), le Coup d'Oeil (skin pour le docteur) et le Mordeo (skin pour la chasseuse) CryptTV
16%
Aucun quiz correspondant
Distribution des résultats
% des personnes avec chaque résultat
Percentile par nombre de réponses
Votre historique - résultats
Vous n’avez pas pris ce quiz depuis la dernière actualisation